000 01090nam a2200277Ia 4500
001 ebr10344574
003 CaPaEBR
006 m u
007 cr cn|||||||||
008 080331s2009 cm s 000 1 eng d
020 _z9789956558704
040 _aCaPaEBR
_cCaPaEBR
035 _a(OCoLC)646849376
050 1 4 _aPR9372.9.A857
_bL44 2009eb
100 1 _aAsong, Linus T.
_q(Linus Tongwo),
_d1947-
245 1 2 _aA legend of the dead
_h[electronic resource] /
_cLinus T. Asong.
260 _aMankon, Bamenda, Cameroon :
_bLangaa RPCIG,
_c2009.
300 _aix, 247 p.
500 _aSequel to The Crown of Thorns.
533 _aElectronic reproduction.
_bPalo Alto, Calif. :
_cebrary,
_d2013.
_nAvailable via World Wide Web.
_nAccess may be limited to ebrary affiliated libraries.
650 0 _aCameroonian fiction (English)
650 0 _aCameroonian literature (English)
655 7 _aElectronic books.
_2local
710 2 _aebrary, Inc.
856 4 0 _uhttp://site.ebrary.com/lib/rucke/Doc?id=10344574
_zAn electronic book accessible through the World Wide Web; click to view
999 _c48714
_d48714